Agricultural use of groundwater : towards integration between agricultural policy and water resourses management

Αποθηκεύτηκε σε:
Λεπτομέρειες βιβλιογραφικής εγγραφής
Άλλοι συγγραφείς: Dosi, Cesare 1960- (Επιμελητής έκδοσης), Fondazione Eri, Erico Mattie (Επιμελητής έκδοσης)
Μορφή: Βιβλίο
Γλώσσα:English
Δημοσίευση: Dordrecht : Kluwer Academic Publishers, c2001
Σειρά:Fondazione Eri Enrico Mattei (FEEM) series on economics, energy, and environment ; ; ECGY 17
Θέματα:
Ετικέτες: Προσθήκη ετικέτας
Δεν υπάρχουν, Καταχωρήστε ετικέτα πρώτοι!

MARC

LEADER 00000nam a2200000 i 4500
001 1/38000
008 030703s2001 eng d
020 |a 0-7923-6805-3 
035 |l 10070360 
040 |a GR-MY-UA  |b gre  |e aacr 
041 0 |a eng 
082 0 |a 333.910416094 
245 1 0 |a Agricultural use of groundwater :  |b towards integration between agricultural policy and water resourses management /  |c edited by Cesare Dosi 
260 |a Dordrecht :   |b Kluwer Academic Publishers,   |c c2001 
300 |a 301 σ.;  |b εικ.;  |c 25 εκ. 
490 1 |a Fondazione Eni Enrico Mattei (FEEM) series on economics, energy and environment  |v ; ECGY 17 
504 |a Περιέχει βιβλιογραφία και ευρετήριο 
650 0 0 |a Water-supply, Argicultural  |z Europe, Southern. 
650 0 0 |a Groundwater  |z Europe, Southern. 
700 1 |a Dosi, Cesare  |d 1960-  |4 edt 
700 1 |a Fondazione Eri, Erico Mattie.  |4 edt 
830 0 |a Fondazione Eri Enrico Mattei (FEEM) series on economics, energy, and environment ;  |v ; ECGY 17 
852 |a INST  |b LESVOS  |e 20030703  |h 333.910416094 AGR  |p 005100027052  |q 005100027052  |t BK  |y 0 
852 |a INST  |b LESVOS  |e 20080528  |h 333.910416094 AGR  |p 005100041559  |q 005100041559  |t BK  |y 0 
901 |a BIBL1-2003-2 
901 |a BIBL1-2008-2 
909 |a Λ  |b 103139 
909 |a Λ  |b 152048 
922 |a 1ΕΛΗ  |b 200212  |c ΕΠΕΑΕΚ2/ΤΠ  |d ΠΑΠΑΣΩΤΗΡΙΟΥ & ΕΛΕΥΘΕΡΟΥΔΑΚΗΣ 
922 |a 1ΕΛΗ  |b 200803  |c ΕΠΕΑΕΚ2/ΤΓ  |d ΕΛΕΥΘΕΡΟΥΔΑΚΗΣ 
950 |a 107-2002-10-01 
970 |a ΚΑΡΑ  |b ΓΙΑΣΕΜΗ  |z 2003/07/03